Sweetie Pie (Record n. 99355)

Dettagli MARC
000 -LEADER
fixed length control field 03882njm a2200577Ia 4500
001 - CONTROL NUMBER
control field B2573
003 - CONTROL NUMBER IDENTIFIER
control field IT-RoPAU
005 - DATE AND TIME OF LATEST TRANSACTION
control field 20220918181115.0
008 - FIXED-LENGTH DATA ELEMENTS--GENERAL INFORMATION
fixed length control field 131025s9999 xx 000 0 und d
040 ## - CATALOGING SOURCE
Original cataloging agency IT-RoPAU
040 ## - CATALOGING SOURCE
Transcribing agency IT-RoPAU
999 ## - SYSTEM CONTROL NUMBERS (KOHA)
Koha Dewey Subclass [OBSOLETE] n.d.
100 ## - MAIN ENTRY--PERSONAL NAME
Personal name AA.VV.
9 (RLIN) 794
100 ## - MAIN ENTRY--PERSONAL NAME
Relator term Autore musica
9 (RLIN) 28749
100 ## - MAIN ENTRY--PERSONAL NAME
Miscellaneous information Codice autore musica SPICS: 12000
9 (RLIN) 796
245 ## - TITLE STATEMENT
Title Sweetie Pie
250 ## - EDITION STATEMENT
Edition statement 2a ed.
260 ## - PUBLICATION, DISTRIBUTION, ETC. (IMPRINT)
Place of publication, distribution, etc. MILANO
260 ## - PUBLICATION, DISTRIBUTION, ETC. (IMPRINT)
Name of publisher, distributor, etc. RUSCONI
Date of publication, distribution, etc. 1992 [1a Ed.:0]
300 ## - PHYSICAL DESCRIPTION
Extent COMPACT DISC
300 ## - PHYSICAL DESCRIPTION
Dimensions 77 minuti (Testo: 0 pag.)
500 ## - GENERAL NOTE
General note Musica jazz. Cd fuori commercio allegato al n. 12 '92 della rivista "Musica jazz".
505 ## - FORMATTED CONTENTS NOTE
Formatted contents note Sweetie Pie [(New York, 13 novembre 1952) (8:00)] - Ornithology [(New York, 2 dicembre 1952) (4:00)] - Winter Wonderland [(Los Angeles, 16 giugno 1953) (5:00)] - Half Nelson [(Los Angeles, 16 giugno 1953) (6:00)] - Little Willie Leaps [(Los Angeles, 16 giugno 1953) (4:00)] - Ghost of A Chance [(Parigi, Tardo 1958) (5:00)] - Cherokee [(Parigi, Tardo 1959) (6:00)] - Waltz For A Lovely Wife [(Tokio, 18 luglio 1965) (7:00)] - Windows [(Bangkok, 11 novembre 1967) (8:00)] - Sweet Georgia Brown [(Bangkok, 11 novembre 1967) (7:00)] - 'Round Midnight [(Goteborg, 6 aprile 1970) (9:00)] - Night In Tunisia [(Goteborg, 6 aprile 1970) (11:00)]
511 ## - PARTICIPANT OR PERFORMER NOTE
Participant or performer note Getz Stan: ten; Raney Jimmy: chit; Jordan Duke: p; Crow Bill: cb; Clarke Kenny: batt
511 ## - PARTICIPANT OR PERFORMER NOTE
Participant or performer note Getz Stan: ten; Raney Jimmy: chit; Jordan Duke: p; Crow Bill: cb; Alexander Mousie: batt.
511 ## - PARTICIPANT OR PERFORMER NOTE
Participant or performer note Baker Chet: tr; Getz Stan: ten; Smith Carson: cb; Bunker Larry: batt
511 ## - PARTICIPANT OR PERFORMER NOTE
Participant or performer note Getz Stan: ten; Solal Martial: p; Michelot Pierre: cb; Clarke Kenny: batt
511 ## - PARTICIPANT OR PERFORMER NOTE
Participant or performer note Getz Stan: ten; Gourley Jimmy: chit; Urtreger René: p; Michelot Pierre: cb; Clarke Kenny: batt
511 ## - PARTICIPANT OR PERFORMER NOTE
Participant or performer note Getz Stan: ten; Burton Gary: vib; Swallow Steve: cb; Bunker Larry: batt
511 ## - PARTICIPANT OR PERFORMER NOTE
Participant or performer note Getz Stan: ten; Johansson Jan: p; Riedel George: cb; Johansen Egil: batt
511 ## - PARTICIPANT OR PERFORMER NOTE
Participant or performer note Getz Stan: ten; Nordstrom Erik: ten; Stenson Bobo: p; Johnson Gunnar: cb; Fagerlund Kenneth: batt
650 ## - SUBJECT ADDED ENTRY--TOPICAL TERM
Topical term or geographic name as entry element JAZZ [COMPACT DISC]
Relator term Codice MATERIA SPICS: 9949
9 (RLIN) 11822
700 ## - ADDED ENTRY--PERSONAL NAME
Personal name Getz Stan
Miscellaneous information Codice interprete SPICS: 10710
Relator term Interprete
9 (RLIN) 28750
700 ## - ADDED ENTRY--PERSONAL NAME
Personal name Getz Stan
Miscellaneous information Codice autore musica SPICS: 10710
Relator term Autore musica
Name of part/section of a work Sweetie Pie
9 (RLIN) 28751
700 ## - ADDED ENTRY--PERSONAL NAME
Personal name Harris Barry
Miscellaneous information Codice autore musica SPICS: 10398
Relator term Autore musica
Name of part/section of a work Ornithology
9 (RLIN) 28752
700 ## - ADDED ENTRY--PERSONAL NAME
Personal name Parker Charlie (B.)
Miscellaneous information Codice autore SPICS: 10799
Relator term Autore
Name of part/section of a work Ornithology
9 (RLIN) 28753
700 ## - ADDED ENTRY--PERSONAL NAME
Personal name Smith R.B.
Miscellaneous information Codice autore musica SPICS: 38073
Relator term Autore musica
Name of part/section of a work Winter Wonderland
9 (RLIN) 28754
700 ## - ADDED ENTRY--PERSONAL NAME
Personal name Bernard F.
Miscellaneous information Codice autore SPICS: 38074
Relator term Autore
Name of part/section of a work Winter Wonderland
9 (RLIN) 28755
700 ## - ADDED ENTRY--PERSONAL NAME
Personal name Davis Miles
Miscellaneous information Codice autore musica SPICS: 10734
Relator term Autore musica
Name of part/section of a work Half Nelson - Little Willie Leaps
9 (RLIN) 28756
700 ## - ADDED ENTRY--PERSONAL NAME
Personal name Young Victor
Miscellaneous information Codice autore musica SPICS: 11205
Relator term Autore musica
Name of part/section of a work Ghost of A Chance
9 (RLIN) 28757
700 ## - ADDED ENTRY--PERSONAL NAME
Personal name Washington Ned
Miscellaneous information Codice autore SPICS: 16091
Relator term Autore
Name of part/section of a work Ghost of A Chance
9 (RLIN) 28758
700 ## - ADDED ENTRY--PERSONAL NAME
Personal name Noble Ray
Miscellaneous information Codice autore musica SPICS: 10522
Relator term Autore musica
Name of part/section of a work Cherokee
9 (RLIN) 28759
700 ## - ADDED ENTRY--PERSONAL NAME
Personal name Woods Phil
Miscellaneous information Codice autore musica SPICS: 10778
Relator term Autore musica
Name of part/section of a work Waltz For A Lovely Wife
9 (RLIN) 28760
700 ## - ADDED ENTRY--PERSONAL NAME
Personal name Corea Chick
Miscellaneous information Codice autore musica SPICS: 11602
Relator term Autore musica
Name of part/section of a work Windows
9 (RLIN) 28761
700 ## - ADDED ENTRY--PERSONAL NAME
Personal name Bernie Green
Miscellaneous information Codice autore musica SPICS: 20241
Relator term Autore musica
Name of part/section of a work Sweet Georgia Brown
9 (RLIN) 28762
700 ## - ADDED ENTRY--PERSONAL NAME
Personal name Pinkard Maceo
Miscellaneous information Codice autore SPICS: 16174
Relator term Autore
Name of part/section of a work Sweet Georgia Brown
9 (RLIN) 28763
700 ## - ADDED ENTRY--PERSONAL NAME
Personal name Casey
Miscellaneous information Codice autore testo/musica SPICS: 20242
Relator term Autore testo/musica
Name of part/section of a work Sweet Georgia Brown
9 (RLIN) 28764
700 ## - ADDED ENTRY--PERSONAL NAME
Personal name Monk Thelonious
Miscellaneous information Codice autore musica SPICS: 10795
Relator term Autore musica
Name of part/section of a work 'Round Midnight
9 (RLIN) 28765
700 ## - ADDED ENTRY--PERSONAL NAME
Personal name Gillespie Dizzy
Miscellaneous information Codice autore musica SPICS: 10777
Relator term Autore musica
Name of part/section of a work Night In Tunisia
9 (RLIN) 28766
942 ## - ADDED ENTRY ELEMENTS (KOHA)
Koha item type CD AUDIO
Source of classification or shelving scheme Dewey Decimal Classification
Dati di copia
Withdrawn status Lost status Damaged status Not for loan Home library Current library Date acquired Total Checkouts Full call number Date last seen Price effective from Koha item type Public note
    Buone Condizioni Not For Loan SPICS-MEDIATECA SPICS-MEDIATECA 25/10/2013   B2573 25/10/2013 25/10/2013 CD AUDIO Progr. Ins.: 534 / N.Vol.: 1 / Copie: 1 - Copia rara: n.d. / date import: 01.01.2014 - By Epidotti, Trombetti, Vaglietti
CREDITS: SOCIETA' SAN PAOLO Via A.Severo, 58 - ROMA (RM) & PERIODICI SAN PAOLO SRL Via Giotto, 36 MILANO & CISF Via Giotto, 36 MILANO & EDIZIONI SAN PAOLO SRL,  Piazza Soncino, 5 CINISELLO BALSAMO (MI) -- ITALY